banner-ar

تكنولوجيا الطاقة البديلة / (Record no. 61071)

MARC details
000 -الفاتح
حقل البيانات ثابتة الطول 01220nam a22002897a 4500
005 - وقت وتاريخ اخر تعامل مع التسجيلة
رقم الضبط 20240530110442.0
008 - عناصر البيانات ثابتة الطول - معلومات عامة
حقل البيانات ثابتة الطول 150330s2010 ua adk f 000 0 ara d
017 ## - رقم الايداع القانونى
رقم الايداع القانونى 2009/20839
المصدر ( الهيئة المختصة) مصر . دار الكتب المصرية
020 ## - الرقم الدولى المعيارى للكتب
الرقم الدولى المعيارى للكتاب 9789774554843
040 ## - مصدر الفهرسة
وكالة الفهرسة الأصلية EG-CaGPL
082 04 - رقم تصنيف ديوى العشرى
رقم الطبعة 21
رقم التصنيف 333794\
رقم المادة ج ت
100 1# - المدخل الرئيسى - إسم شخصى
الإسم الشخصى بريدجواتر ، الان
245 10 - بيان العنوان
العنوان تكنولوجيا الطاقة البديلة /
بيان المسئوليه,etc تاليف الان بريدجواتر ، جل بريدجواتر ؛ ترجمة قسم تعريب العلوم بدار الفاروق
250 ## - بيان الطبعة
بيان الطبعة ط1
260 ## - PUBLICATION, DISTRIBUTION, ETC. (IMPRINT)
تاريخ النشر أو التوزيع 2010.
300 ## - الوصف المادى
التعداد 231 ص :
تفاصيل ماديه اخرى للوعاء ايض ؛
أبعاد الوعاء 24 سم.
650 04 - المدخل الاضافى بالموضوع-مصطلح موضوعى
مصطلح موضوعي الطاقة البديلة
650 04 - المدخل الاضافى بالموضوع-مصطلح موضوعى
مصطلح موضوعي الطاقة الشمسية
650 04 - المدخل الاضافى بالموضوع-مصطلح موضوعى
مصطلح موضوعي طاقة الرياح
650 04 - المدخل الاضافى بالموضوع-مصطلح موضوعى
مصطلح موضوعي طواحين الهواء
650 04 - المدخل الاضافى بالموضوع-مصطلح موضوعى
مصطلح موضوعي محركات الطاقة الشمسية
650 04 - المدخل الاضافى بالموضوع-مصطلح موضوعى
مصطلح موضوعي طاقة الوقود الخشبى
700 1# - المدخل الاضافى - اسم شخصى
الإسم الشخصى بريدجواتر ، جل
الدور مؤلف مشارك
710 0# - المدخل الاضافى - اسم هيئه
اسم الهيئة أو اسم السلطة كمدخل قسم تعريب العلوم بدار الفاروق
الدور مترجم
942 ## - عناصر المدخل الإضافي( كوها)
مصدر التصنيف او مخطط الترفيف Dewey Decimal Classification
Koha [default] item type كتاب
260 ## - PUBLICATION, DISTRIBUTION, ETC. (IMPRINT)
-- االقاهرة :
-- دار الفاروق للاستثمارات الثقافية ،
Holdings
حالة التراجع حالة الفقد حالة تلف ليس للاعارة المكان المؤقت الموقع الحالى تاريخ الاكتساب اجمالي اﻻعارات رقم الطلب الباركود تاريخ اخر مشاهدة تاريخ تفعيل السعر نوع وعاء كوها
        مكتبة القاهرة الكبرى مكتبة القاهرة الكبرى 04/21/2015   333794\ ج ت 160289 04/21/2015 04/21/2015 كتاب

Powered By

EGPV